| 000 | 00530nam a2200169 a 4500 | ||
|---|---|---|---|
| 001 | 000035626 | ||
| 005 | 20200930074502.0 | ||
| 008 | 111107s1944 cl 000 0 spa d | ||
| 020 | _a9586001243 | ||
| 040 |
_aDO-SdBNP _sspa _cBNPHU |
||
| 100 | 1 |
_aKinnear, Thomas C. _961534 |
|
| 245 | 1 | 0 |
_aInvestigación de mercados : _bun enfoque aplicado / _cThomas C. Kinnear, James R. Taylor. |
| 250 | _a4a. ed. | ||
| 260 |
_a[s.l.] : _bMC Graw Hill, _c[198?]. |
||
| 300 |
_axxii, 812 p. : _bil., ; _c28 cm. |
||
| 700 | 1 |
_aTaylor, James R. _961535 |
|
| 999 |
_c35117 _d35117 |
||